[Event "1.Deut.ChessOrgAmatPok Voelklingen GrC"]
[Site "?"]
[Date "2000.10.11"]
[Round "6"]
[White "Kirschner, Gerhard Dr."]
[Black "Woelk, Peter"]
[Result "0-1"]
[WhiteElo "1401"]
[BlackElo "1516"]
[PlyCount "128"]
[EventDate "2000.??.??"]

1. d4 Nf6 2. c4 g6 3. Nc3 d5 4. cxd5 Nxd5 5. e4 Nxc3 6. bxc3 Bg7 7. Nf3 O-O 8.
Rb1 c5 9. Be3 cxd4 10. Bxd4 Nc6 11. Bxg7 Kxg7 12. Be2 Qc7 13. O-O Bd7 14. Rb2
Rac8 15. Qd2 Rfd8 16. Qe3 Bg4 17. Nd4 Bxe2 18. Nxe2 Qd7 19. f3 b6 20. Rb5 Qd3
21. Qxd3 Rxd3 22. Rd5 Rd8 23. Rxd8 Rxd8 24. Ra1 Rd2 25. Kf2 Kf6 26. Ke3 Rb2 27.
h4 a6 28. a4 Rb3 29. Kd2 Rb2+ 30. Ke3 Ne5 31. g3 e6 32. g4 h6 33. Kf2 Nc4 34.
f4 Kg7 35. Kf3 Rc2 36. Kf2 Kf6 37. Kf3 Ke7 38. Kf2 Kd7 39. Kf3 Kc7 40. Kf2 Rd2
41. h5 Rd3 42. hxg6 fxg6 43. Rh1 Nd6 44. Rxh6 Nxe4+ 45. Kg2 Nxc3 46. Nxc3 Rxc3
47. Rxg6 Rc4 48. Kf3 Kd7 49. f5 exf5 50. Rxb6 fxg4+ 51. Kg3 Rxa4 52. Rg6 Kc7
53. Re6 Kb7 54. Rg6 a5 55. Rf6 Rc4 56. Re6 a4 57. Rd6 Rc6 58. Rd2 Ra6 59. Ra2
a3 60. Kxg4 Kc6 61. Kf3 Kc5 62. Ke3 Kb4 63. Rh2 Kb3 64. Kd2 a2 0-1

[Event "1.Deut.ChessOrgAmatPok Voelklingen GrC"]
[Site "?"]
[Date "2000.10.11"]
[Round "6"]
[White "Kuhn, Heinz"]
[Black "Schwabe, Manfred"]
[Result "1-0"]
[WhiteElo "1678"]
[BlackElo "1675"]
[PlyCount "49"]
[EventDate "2000.??.??"]

1. b4 d5 2. Bb2 Qd6 3. a3 a5 4. b5 a4 5. e3 Bd7 6. c4 dxc4 7. Bxc4 c6 8. Nc3
cxb5 9. Nxb5 Bxb5 10. Bxb5+ Nc6 11. Bxa4 Nf6 12. Nf3 Nd7 13. O-O e6 14. d4 Nb6
15. Bb5 f6 16. Qb3 Nd5 17. e4 Nc7 18. Ba4 b5 19. Bxb5 Nxb5 20. Qxb5 Rb8 21. Qe2
Kf7 22. Rfd1 Na5 23. Bc3 Nb3 24. Bb4 Qb6 25. Rab1 1-0

[Event "1.Deut.ChessOrgAmatPok Voelklingen GrC"]
[Site "?"]
[Date "2000.10.11"]
[Round "6"]
[White "Pillath, Marcus"]
[Black "Cara, Bogdan"]
[Result "1-0"]
[WhiteElo "1338"]
[BlackElo "1331"]
[PlyCount "54"]
[EventDate "2000.??.??"]

1. Nf3 d5 2. d4 e6 3. Bf4 f5 4. e3 h6 5. h3 Nf6 6. Nbd2 Nc6 7. c3 Bd6 8. Bxd6
Qxd6 9. Bb5 O-O 10. O-O a6 11. Bd3 Ne4 12. c4 b6 13. Rc1 Nb4 14. Bb1 a5 15.
cxd5 exd5 16. Ne5 Ba6 17. Re1 c5 18. a3 Nc6 19. Nxc6 Qxc6 20. Nxe4 fxe4 21.
dxc5 bxc5 22. Ba2 Rfd8 23. Qc2 Rac8 24. Qc3 Qb6 25. Qb3 Qxb3 26. Bxb3 c4 27.
Bd1 27... Rb8 {war nicht lesbar} 1-0

[Event "1.Deut.ChessOrgAmatPok Voelklingen GrC"]
[Site "?"]
[Date "2000.10.11"]
[Round "6"]
[White "Zimmer, Bernhard"]
[Black "Schreiber, Winfried"]
[Result "0-1"]
[WhiteElo "729"]
[BlackElo "1452"]
[PlyCount "58"]
[EventDate "2000.??.??"]

1. Nf3 Nf6 2. d4 d5 3. c4 e6 4. a3 c5 5. Nc3 cxd4 6. Nxd4 Nc6 7. Nxc6 bxc6 8.
b4 a6 9. e3 Bd7 10. Bd3 c5 11. bxc5 Bxc5 12. Rb1 Rb8 13. Rxb8 Qxb8 14. O-O h5
15. f3 d4 16. Na4 Bd6 17. f4 dxe3 18. Bxe3 Bxa3 19. Nc5 Bxc5 20. Bxc5 Qc7 21.
Bd4 Ng4 22. Qa1 Qc6 23. Bxg7 Ne3 24. Rf3 Rg8 25. Bh7 Qc5 26. Bd4 Rxg2+ 27. Kh1
Qc6 28. Bxe3 Qxf3 29. Qh8+ Rg8# 0-1

[Event "1.Deut.ChessOrgAmatPok Voelklingen GrC"]
[Site "?"]
[Date "2000.10.11"]
[Round "6"]
[White "van Hove, Ode"]
[Black "Stoeckchen, Andreas"]
[Result "1/2-1/2"]
[WhiteElo "1447"]
[BlackElo "1383"]
[PlyCount "86"]
[EventDate "2000.??.??"]

1. e4 c6 2. Nc3 d5 3. Nf3 dxe4 4. Nxe4 Bf5 5. Ng3 Bg6 6. Ne5 Nd7 7. Nxg6 hxg6
8. d4 e6 9. Bc4 Ngf6 10. h3 Bd6 11. Qf3 Qc7 12. Ne4 Nxe4 13. Qxe4 O-O-O 14. Be3
Qa5+ 15. Bd2 Bb4 16. c3 Bd6 17. a4 Nf6 18. Qf3 Kb8 19. b4 Qf5 20. Qxf5 gxf5 21.
O-O-O Ne4 22. Be1 g5 23. f3 Ng3 24. Rg1 Bf4+ 25. Bd2 Rh4 26. Kc2 Kc8 27. Rge1
a6 28. b5 cxb5 29. axb5 axb5 30. Bxb5 Bxd2 31. Rxd2 f4 32. Re5 Nf5 33. Kb3 Rh5
34. Ra2 Ne7 35. Rc5+ Kb8 36. Bd3 Rc8 37. Rca5 Nc6 38. Rb5 Kc7 39. Be4 Rb8 40.
Rc5 f5 41. Bxc6 bxc6+ 42. Kc2 Rhh8 43. Ra7+ Rb7 1/2-1/2

[Event "1.Deut.ChessOrgAmatPok Voelklingen GrC"]
[Site "?"]
[Date "2000.10.11"]
[Round "6"]
[White "Braun, Konstanin"]
[Black "Bastian, Stephan"]
[Result "0-1"]
[WhiteElo "282"]
[BlackElo "491"]
[PlyCount "98"]
[EventDate "2000.??.??"]

1. e4 e5 2. Nf3 Nc6 3. Nc3 Nf6 4. Bc4 h6 5. O-O d6 6. h3 Bd7 7. d3 a6 8. Be3
Rb8 9. Nd5 b5 10. Nxf6+ Qxf6 11. Bb3 a5 12. a3 Qg6 13. Kh1 a4 14. Bd5 Ne7 15.
Ba7 Rd8 16. Ba2 Nc6 17. Be3 Be7 18. b3 Be6 19. bxa4 bxa4 20. Qd2 Bxa2 21. Rxa2
O-O 22. Rb2 f5 23. exf5 Rxf5 24. Rfb1 d5 25. Qc1 Bxa3 26. Nh4 Qf6 27. Nxf5 Bxb2
28. Rxb2 Qxf5 29. Ra2 d4 30. Bd2 Qxf2 31. Rxa4 Rd6 32. Ba5 Nxa5 33. Rxa5 Rg6
34. Qg1 Qxc2 35. Rxe5 Qxd3 36. Rd5 Qe4 37. Rxd4 Qe7 38. Rc4 Re6 39. Kh2 Qd6+
40. Kh1 c6 41. Rd4 Qe7 42. Kh2 Re1 43. Qf2 c5 44. Rc4 Qd6+ 45. Qg3 Rh1+ 46.
Kxh1 Qxg3 47. Rxc5 Qe1+ 48. Kh2 Qd1 49. Kg3 Qd6+ 0-1

[Event "1.Deut.ChessOrgAmatPok Voelklingen GrC"]
[Site "?"]
[Date "2000.10.11"]
[Round "6"]
[White "Schackmann, Ralf"]
[Black "Weinz, Andre"]
[Result "1-0"]
[WhiteElo "1000"]
[BlackElo "1288"]
[PlyCount "47"]
[EventDate "2000.??.??"]

1. e4 e6 2. Nf3 Nc6 3. Nc3 d5 4. exd5 exd5 5. d4 Bg4 6. Be2 Qe7 7. O-O Rd8 8.
Re1 Qd6 9. Nb5 Qd7 10. Bf4 Bd6 11. Bxd6 cxd6 12. Nc3 Nf6 13. Bb5+ Kf8 14. a3 g6
15. Re3 Nh5 16. Qd2 a6 17. Ba4 f5 18. Ng5 h6 19. Ne6+ Kf7 20. Nxd8+ Rxd8 21.
Bxc6 bxc6 22. Rae1 Kf8 23. Re7 Qc8 24. Qxh6+ 1-0

[Event "1.DeutChessOrgAmatPokVoelklingen GrAB"]
[Site "?"]
[Date "2000.10.12"]
[Round "7"]
[White "Bastian, Herbert"]
[Black "Lang, Thorsten"]
[Result "1-0"]
[WhiteElo "2354"]
[BlackElo "2291"]
[PlyCount "119"]
[EventDate "2000.??.??"]

1. e4 d6 2. d4 Nf6 3. Bd3 e5 4. c3 Nc6 5. Nf3 g6 6. O-O Bg7 7. Re1 O-O 8. Nbd2
Nh5 9. Nb3 Ne7 10. Bf1 b6 11. a4 a5 12. Nbd2 exd4 13. Nxd4 Bb7 14. N2b3 Nf6 15.
f3 d5 16. e5 Ne8 17. Bg5 h6 18. Bh4 g5 19. Bg3 c5 20. Nb5 Nf5 21. Bf2 Nc7 22.
Qc2 Bc8 23. Rad1 Be6 24. g4 Ne7 25. h4 Ng6 26. Bg3 Nxb5 27. Bxb5 gxh4 28. Bh2
Qg5 29. Qd2 Bxe5 30. Rxe5 Nxe5 31. Qxg5+ hxg5 32. Bxe5 d4 33. Nd2 dxc3 34. Bxc3
f5 35. Re1 Kf7 36. Re5 fxg4 37. Ne4 Bb3 38. fxg4 Rad8 39. Rxg5 Rd1+ 40. Kg2 Rg8
41. Rf5+ Kg6 42. Rf6+ Kh7 43. g5 Rg6 44. Rf4 Re6 45. Rxh4+ Kg6 46. Be2 Rxe4 47.
Rxe4 Bd5 48. Bxd1 Bxe4+ 49. Bf3 Bc2 50. Bd2 Bxa4 51. Be4+ Kh5 52. g6 Bb3 53. g7
Bg8 54. Be3 b5 55. Bxc5 Kh6 56. Bd4 b4 57. Bc6 Bb3 58. Kf3 Kh7 59. Ke4 a4 60.
Bd5 1-0

[Event "1.DeutChessOrgAmatPokVoelklingen GrAB"]
[Site "?"]
[Date "2000.10.12"]
[Round "7"]
[White "Lacrosse, Marc"]
[Black "Augustin, Christian"]
[Result "0-1"]
[WhiteElo "2298"]
[BlackElo "2138"]
[PlyCount "90"]
[EventDate "2000.??.??"]

1. d4 d5 2. c4 Nc6 3. Nc3 dxc4 4. Nf3 Nf6 5. e4 Bg4 6. Be3 e6 7. Bxc4 Bb4 8.
Qc2 O-O 9. Rd1 Ne7 10. O-O Bxf3 11. gxf3 Ng6 12. Kh1 c6 13. Rg1 Kh8 14. Be2 Nh5
15. Qc1 f5 16. Rg5 Nf6 17. exf5 exf5 18. Rxf5 Nh4 19. Rg5 Be7 20. Rdg1 g6 21.
d5 Nf5 22. Rxf5 gxf5 23. Bd4 Rg8 24. Rxg8+ Kxg8 25. Qg5+ Kf7 26. d6 Qxd6 27.
Bc4+ Ke8 28. Be3 b5 29. Bb3 Qd3 30. Kg2 Kd7 31. Bc5 Bxc5 32. Qxf6 Re8 33. Bf7
Re7 34. Bb3 Bd4 35. Bc2 Bxf6 36. Bxd3 Bxc3 37. Bxf5+ Kd6 38. bxc3 Kc5 39. Kf1
Kc4 40. f4 Kxc3 41. Kg2 Kb2 42. Kf3 c5 43. Be4 c4 44. f5 c3 45. Kf4 Rxe4+ 0-1

[Event "1.DeutChessOrgAmatPokVoelklingen GrAB"]
[Site "?"]
[Date "2000.10.12"]
[Round "7"]
[White "Berrang, Gerrit"]
[Black "Welz, Peter Dr."]
[Result "1-0"]
[WhiteElo "1833"]
[BlackElo "2169"]
[PlyCount "91"]
[EventDate "2000.??.??"]

1. e4 e6 2. d4 d5 3. exd5 exd5 4. Bd3 Nc6 5. Nf3 Bg4 6. Be2 Bd6 7. b3 Nge7 8.
Bb2 O-O 9. Nbd2 Ng6 10. h3 Bd7 11. O-O Nf4 12. Re1 Qf6 13. Nf1 Bxh3 14. gxh3
Qg6+ 15. Ng3 Nxh3+ 16. Kg2 Nxf2 17. Kxf2 Bxg3+ 18. Kf1 Bxe1 19. Kxe1 Rfe8 20.
Kd2 Qh6+ 21. Kc3 Qe3+ 22. Bd3 b5 23. Bc1 Qe7 24. Qh1 g6 25. Bd2 Qa3 26. Bc1
Qa5+ 27. Kb2 Nb4 28. Bf1 Qb6 29. a3 Nc6 30. c3 b4 31. axb4 a5 32. b5 Na7 33.
Ng5 h5 34. Qxd5 Qf6 35. Bc4 Kg7 36. Nxf7 c6 37. bxc6 Nxc6 38. Bg5 Qf2+ 39. Ka3
Nb4 40. Qd7 Nc2+ 41. Ka4 Qf5 42. Qxf5 gxf5 43. Rg1 Rec8 44. Be6 Kf8 45. Nd6 Rc7
46. Bf6 1-0

[Event "1.DeutChessOrgAmatPokVoelklingen GrAB"]
[Site "?"]
[Date "2000.10.12"]
[Round "7"]
[White "Morenko, Dimitro"]
[Black "Wilmes, Marcel"]
[Result "0-1"]
[WhiteElo "2112"]
[BlackElo "1820"]
[PlyCount "84"]
[EventDate "2000.??.??"]

1. d4 Nf6 2. Nf3 g6 3. Bg5 Bg7 4. Nbd2 d5 5. e3 Bg4 6. Be2 Nbd7 7. b4 O-O 8.
O-O h6 9. Bf4 g5 10. Bg3 Nh5 11. c4 Nxg3 12. hxg3 c6 13. cxd5 cxd5 14. Qb3 e6
15. Rfc1 Nf6 16. Bd3 Ne8 17. Rc5 Bxf3 18. gxf3 f5 19. Kg2 Rf7 20. Rac1 Bf8 21.
R5c3 Qe7 22. b5 b6 23. Rc6 Rd8 24. a4 Nd6 25. Qc2 Rd7 26. Nb3 Nb7 27. Qc3 Nd8
28. Rc8 Qb4 29. Qxb4 Bxb4 30. g4 fxg4 31. fxg4 Kg7 32. Ra8 Nb7 33. Rxa7 Na5 34.
Rxd7 Rxd7 35. Na1 Bd6 36. Rc8 Rc7 37. Rb8 Rb7 38. Re8 Re7 39. Rd8 Bc7 40. Rc8
Bd6 41. Kf3 Rc7 42. Rb8 Rf7+ 0-1

[Event "1.DeutChessOrgAmatPokVoelklingen GrAB"]
[Site "?"]
[Date "2000.10.12"]
[Round "7"]
[White "Busche, Stephan"]
[Black "Becking, Franz-Josef"]
[Result "0-1"]
[WhiteElo "2136"]
[BlackElo "2095"]
[PlyCount "74"]
[EventDate "2000.??.??"]

1. e4 Nf6 2. e5 Nd5 3. d4 d6 4. Nf3 Nc6 5. c4 Nb6 6. h3 g6 7. Nc3 Bg7 8. exd6
exd6 9. d5 Ne5 10. Nxe5 Bxe5 11. Be3 O-O 12. Qd2 Re8 13. O-O-O Nd7 14. f4 Bg7
15. Bd3 Nc5 16. Bc2 a6 17. g4 b5 18. f5 bxc4 19. Bd4 Nd3+ 20. Bxd3 Bxd4 21. Qg2
cxd3 22. Rxd3 Bxc3 23. Rxc3 Bb7 24. h4 Re5 25. fxg6 hxg6 26. Rf1 Bxd5 27. Qf2
Qe7 28. h5 Re8 29. hxg6 Qg5+ 30. Qf4 Re1+ 31. Kd2 R8e2+ 32. Kd3 Qxg6+ 33. Kd4
Re4+ 34. Kxd5 Rxf4 35. Rxf4 Qg5+ 36. Rf5 Qxg4 37. Rcf3 Qe4# 0-1

[Event "1.DeutChessOrgAmatPokVoelklingen GrAB"]
[Site "?"]
[Date "2000.10.12"]
[Round "7"]
[White "Packroff, Hermann"]
[Black "Reinke, Kurt"]
[Result "1-0"]
[WhiteElo "2250"]
[BlackElo "1841"]
[PlyCount "87"]
[EventDate "2000.??.??"]

1. d4 Nf6 2. Bg5 d6 3. Bxf6 gxf6 4. e3 c6 5. Bd3 Qa5+ 6. c3 Qg5 7. g3 Bg4 8. h4
Qg7 9. Qb3 Bc8 10. Nd2 Nd7 11. Ne2 e5 12. Bf5 b6 13. Qc4 Bb7 14. e4 b5 15. Qb3
Nb6 16. h5 Bc8 17. g4 a5 18. O-O-O a4 19. Qc2 Be6 20. Kb1 Bc4 21. Nf3 h6 22. b3
axb3 23. axb3 Be6 24. Kb2 Bd7 25. Ra1 Rxa1 26. Rxa1 Bxf5 27. gxf5 Qg4 28. Qd3
d5 29. Ng3 Qf4 30. Ra7 exd4 31. cxd4 Qb8 32. Ra1 Nc4+ 33. Kc2 Na3+ 34. Kd1 b4
35. e5 Rg8 36. Qa6 Kd7 37. Rc1 Qc8 38. e6+ Kd8 39. Rxc6 Qxa6 40. Rxa6 Kc7 41.
Ra7+ Kd6 42. Rd7+ Kc6 43. Rxf7 Kb6 44. Rxf6 1-0

[Event "1.DeutChessOrgAmatPokVoelklingen GrAB"]
[Site "?"]
[Date "2000.10.12"]
[Round "7"]
[White "Will, Mathias"]
[Black "Bertino, Paolo"]
[Result "1-0"]
[WhiteElo "2000"]
[BlackElo "2136"]
[PlyCount "31"]
[EventDate "2000.??.??"]

1. d4 d5 2. Nf3 Nf6 3. Bg5 c5 4. e3 Qb6 5. Qc1 Bf5 6. c3 Nbd7 7. Nbd2 e6 8. Be2
h6 9. Bh4 Be7 10. O-O O-O 11. Ne5 Rfe8 12. f4 Bf8 13. a4 a6 14. a5 Qa7 15. Qd1
Ne4 16. Nxd7 1-0

[Event "1.DeutChessOrgAmatPokVoelklingen GrAB"]
[Site "?"]
[Date "2000.10.12"]
[Round "7"]
[White "Mischke, Luis"]
[Black "Becker, Thomas"]
[Result "1/2-1/2"]
[WhiteElo "2063"]
[BlackElo "2175"]
[PlyCount "31"]
[EventDate "2000.??.??"]

1. e4 c5 2. Nf3 e6 3. d4 cxd4 4. Nxd4 Nf6 5. Nc3 a6 6. Bd3 d6 7. O-O Be7 8. Be3
Nbd7 9. Qe2 O-O 10. f4 Qc7 11. Rad1 Nc5 12. f5 b5 13. a3 Bb7 14. Bf2 Rad8 15.
fxe6 fxe6 16. Kh1 1/2-1/2

[Event "1.DeutChessOrgAmatPokVoelklingen GrAB"]
[Site "?"]
[Date "2000.10.12"]
[Round "7"]
[White "Schwarz, Karsten"]
[Black "Blasius, Stefan"]
[Result "1-0"]
[WhiteElo "1909"]
[BlackElo "1717"]
[PlyCount "60"]
[EventDate "2000.??.??"]

1. e4 e6 2. d4 d5 3. exd5 exd5 4. Bf4 Nf6 5. Bd3 Nc6 6. c3 Bd6 7. Bxd6 Qxd6 8.
Nf3 Bg4 9. Nbd2 O-O 10. O-O Rfe8 11. Qc2 h6 12. b4 Nd8 13. Ne5 Bd7 14. f4 Ng4
15. Rae1 Nxe5 16. fxe5 Qb6 17. a4 a5 18. b5 c5 19. bxc6 Nxc6 20. Rb1 Qa7 21.
Kh1 Ne7 22. Bh7+ Kh8 23. Rxf7 Bxa4 24. Qxa4 Kxh7 25. Qd7 Qa6 26. Rxe7 Rxe7 27.
Qxe7 Qe2 28. Nf3 b5 29. Qb7 Rf8 30. Qxb5 Qe3 1-0

[Event "1.DeutChessOrgAmatPokVoelklingen GrAB"]
[Site "?"]
[Date "2000.10.12"]
[Round "7"]
[White "Braun , Burckhard"]
[Black "Hilpisch, Ralf"]
[Result "0-1"]
[WhiteElo "1965"]
[BlackElo "1932"]
[PlyCount "58"]
[EventDate "2000.??.??"]

1. e4 c5 2. Nf3 d6 3. Nc3 Nf6 4. Bb5+ Bd7 5. O-O Nc6 6. d4 cxd4 7. Nxd4 g6 8.
Be3 Bg7 9. h3 O-O 10. Bxc6 bxc6 11. f4 Qc7 12. f5 c5 13. Nb3 c4 14. Nd4 Qb7 15.
Qf3 Qxb2 16. Nde2 Bc6 17. Bd4 Qxc2 18. Bxf6 Bxf6 19. Rac1 Qd3 20. fxg6 fxg6 21.
Qg4 Bxc3 22. Qe6+ Kh8 23. Nxc3 Rxf1+ 24. Rxf1 Qxc3 25. Qxe7 Qd4+ 26. Kh1 Rg8
27. Qh4 Bxe4 28. Qe7 h5 29. Rf4 Bxg2+ 0-1

[Event "1.Deut.ChessOrgAmatPok Voelklingen Sen"]
[Site "?"]
[Date "2000.10.12"]
[Round "7"]
[White "Gerhardt, Peter-Michael"]
[Black "Pukropski, Walter"]
[Result "1-0"]
[WhiteElo "2145"]
[BlackElo "1796"]
[PlyCount "79"]
[EventDate "2000.??.??"]

1. d4 Nf6 2. c4 g6 3. Nc3 Bg7 4. e4 d6 5. f3 Nfd7 6. Be3 O-O 7. Qd2 Re8 8. Nge2
e5 9. d5 Nf8 10. g4 f6 11. h4 Nbd7 12. Ng3 a6 13. Bd3 Nc5 14. Bc2 b6 15. h5 g5
16. Nf5 h6 17. b4 Nb7 18. Ba4 Bd7 19. Bc6 Qc8 20. c5 dxc5 21. bxc5 Bxc6 22.
dxc6 Nxc5 23. Bxc5 bxc5 24. Nd5 Kf7 25. Qa5 Ne6 26. Kf2 Bf8 27. Rhd1 Rd8 28.
Rab1 Rb8 29. Kg3 Nd4 30. Qa4 Nxf5+ 31. gxf5 Bd6 32. Qc4 Kg7 33. a4 Rf8 34. Qc2
Rxb1 35. Qxb1 Qe8 36. Qb7 Qxh5 37. Nxc7 Qh4+ 38. Kg2 Rf7 39. Rxd6 g4 40. Ne6+
1-0

[Event "1.Deut.ChessOrgAmatPok Voelklingen Sen"]
[Site "?"]
[Date "2000.10.12"]
[Round "7"]
[White "Fleckner, Hans"]
[Black "Escher, Helmut"]
[Result "0-1"]
[WhiteElo "1817"]
[BlackElo "2039"]
[PlyCount "68"]
[EventDate "2000.??.??"]

1. e4 c5 2. Nf3 d6 3. d4 cxd4 4. Nxd4 Nf6 5. Nc3 a6 6. Bg5 e5 7. Bxf6 gxf6 8.
Nf3 Be6 9. Nd5 Nc6 10. c3 b5 11. c4 Rb8 12. cxb5 axb5 13. Rc1 Qa5+ 14. Nd2 Bxd5
15. exd5 Nd4 16. f4 Qxa2 17. Ne4 Be7 18. Qg4 f5 19. Qg7 Rf8 20. Nf6+ Bxf6 21.
Qxf6 Qxd5 22. Bd3 Qe6 23. fxe5 Qxe5+ 24. Qxe5+ dxe5 25. O-O e4 26. Rfe1 Ne6 27.
Bb1 Ke7 28. Ba2 Rfe8 29. Rcd1 Red8 30. Bd5 Kf6 31. Rf1 Ke5 32. Bb7 Nd4 33. Rxd4
Kxd4 34. Rxf5 Rxb7 0-1

[Event "1.Deut.ChessOrgAmatPok Voelklingen Sen"]
[Site "?"]
[Date "2000.10.12"]
[Round "7"]
[White "Passeier, Helmut"]
[Black "Wolf, Alfred"]
[Result "1/2-1/2"]
[WhiteElo "1825"]
[BlackElo "1800"]
[PlyCount "39"]
[EventDate "2000.??.??"]

1. e4 c6 2. d4 d5 3. exd5 cxd5 4. Bd3 Nc6 5. Nf3 Bg4 6. Nbd2 e6 7. c3 Nf6 8.
O-O Bd6 9. Re1 Qc7 10. h3 Bh5 11. Qa4 O-O 12. Bb5 a6 13. Bxc6 bxc6 14. Ne5 Rfc8
15. Nb3 Nd7 16. Bf4 Nb6 17. Qa5 f6 18. Nd3 Rab8 19. Bxd6 Qxd6 20. Qc5 1/2-1/2

[Event "1.Deut.ChessOrgAmatPok Voelklingen Sen"]
[Site "?"]
[Date "2000.10.12"]
[Round "7"]
[White "Fiedler, Eduard"]
[Black "Moeckel, Edgar Dr."]
[Result "1/2-1/2"]
[WhiteElo "1736"]
[BlackElo "2107"]
[PlyCount "120"]
[EventDate "2000.??.??"]

1. e4 d5 2. exd5 Qxd5 3. Nc3 Qa5 4. Nf3 Nf6 5. Be2 Bf5 6. O-O e6 7. Nd4 Bg6 8.
Rb1 c6 9. a3 Bd6 10. b4 Qc7 11. g3 O-O 12. b5 c5 13. Nf3 Nbd7 14. d3 h6 15. Bd2
Rfd8 16. Qc1 Rac8 17. Nh4 Bh7 18. Nf3 b6 19. a4 Bf5 20. Nd1 Bh3 21. Re1 Qb7 22.
Ne3 Be5 23. Nh4 g5 24. Bf3 Qc7 25. Nhg2 Nf8 26. Nc4 Ng6 27. Nge3 Bd4 28. Qd1
Nd5 29. Bg2 Bxg2 30. Nxg2 Qe7 31. Rb3 Qf6 32. Rf1 Qg7 33. Nge3 Nge7 34. Qe1 h5
35. Kh1 Kh7 36. Rg1 Qf6 37. Qe2 g4 38. Kg2 Qg6 39. Rf1 f5 40. Nd1 Nc7 41. Re1
Ned5 42. Ne5 Bxe5 43. Qxe5 Qg7 44. c4 Qxe5 45. Rxe5 Nf6 46. Re2 Re8 47. Bc3 Kg6
48. Rb1 Rcd8 49. Nb2 Kf7 50. Rbe1 Nh7 51. Be5 Rd7 52. Bf4 Nf8 53. h4 Ng6 54.
Be5 Nxe5 55. Rxe5 Rd4 56. f4 gxf3+ 57. Kxf3 Rg8 58. a5 Rdg4 59. axb6 axb6 60.
Rg1 Kf6 1/2-1/2

[Event "1.Deut.ChessOrgAmatPok Voelklingen Sen"]
[Site "?"]
[Date "2000.10.12"]
[Round "7"]
[White "Haasper, Peter"]
[Black "Will, Michael"]
[Result "1/2-1/2"]
[WhiteElo "1782"]
[BlackElo "1907"]
[PlyCount "44"]
[EventDate "2000.??.??"]

1. d4 d5 2. c4 e6 3. cxd5 exd5 4. Nc3 Nf6 5. Bg5 Be7 6. e3 Bf5 7. Bd3 Bxd3 8.
Qxd3 c6 9. Nf3 O-O 10. Bxf6 Bxf6 11. O-O g6 12. b4 a6 13. a4 Nd7 14. Rab1 Qc7
15. Rfc1 Qd6 16. b5 axb5 17. axb5 Ra3 18. bxc6 bxc6 19. Qc2 Rfa8 20. Rb3 Nb8
21. Rb2 R3a6 22. g3 Nd7 1/2-1/2

[Event "1.Deut.ChessOrgAmatPok Voelklingen Sen"]
[Site "?"]
[Date "2000.10.12"]
[Round "7"]
[White "Backes, Robert"]
[Black "Leschhorn, Heinrich"]
[Result "1/2-1/2"]
[WhiteElo "1642"]
[BlackElo "1817"]
[PlyCount "70"]
[EventDate "2000.??.??"]

1. e4 Nf6 2. Bc4 e6 3. d3 Be7 4. Nf3 d5 5. exd5 exd5 6. Bb3 Bg4 7. O-O O-O 8.
Bg5 Nc6 9. Nbd2 Nd4 10. h3 Bh5 11. g4 Nxf3+ 12. Nxf3 Bg6 13. Re1 h6 14. Bh4 c6
15. c3 Qc7 16. Kg2 Rae8 17. Qd2 Bh7 18. Bc2 g5 19. Nxg5 Nxg4 20. hxg4 hxg5 21.
Bxg5 f6 22. Bh4 Qd7 23. f3 Kf7 24. d4 Bxc2 25. Qxc2 Rh8 26. Rh1 f5 27. Bxe7
Kxe7 28. Rae1+ Kd8 29. Rxe8+ Rxe8 30. gxf5 Rf8 31. Rh5 Qg7+ 32. Kf2 Rg8 33. Qe2
Qg2+ 34. Ke1 Qxe2+ 35. Kxe2 Rg2+ 1/2-1/2

[Event "1.Deut.ChessOrgAmatPok Voelklingen Sen"]
[Site "?"]
[Date "2000.10.12"]
[Round "7"]
[White "Wolf, Margret"]
[Black "Gimber, Robert"]
[Result "0-1"]
[WhiteElo "1166"]
[BlackElo "1684"]
[PlyCount "78"]
[EventDate "2000.??.??"]

1. d4 Nf6 2. Nf3 g6 3. Bf4 Bg7 4. e3 O-O 5. Be2 d6 6. h3 Nbd7 7. c3 c5 8. Nbd2
Re8 9. O-O e5 10. Bh2 a6 11. Qb1 Qe7 12. Bd1 b5 13. dxe5 dxe5 14. e4 Bb7 15.
Bc2 Red8 16. c4 Ne8 17. Bd3 Nd6 18. Ne1 Qg5 19. Qc2 f5 20. f3 Qe3+ 21. Kh1 Rf8
22. Bg1 Qg5 23. Qd1 Qe7 24. Nc2 Rad8 25. Ne3 fxe4 26. fxe4 Nf6 27. Qc2 Kh8 28.
Bf2 bxc4 29. Nexc4 Nb5 30. Nf3 Nd4 31. Qd1 Nxe4 32. Bh4 g5 33. Be1 Nxf3 34.
gxf3 Nd6 35. b3 Nxc4 36. bxc4 e4 37. fxe4 Rxf1+ 38. Kg2 Rf4 39. Rb1 Bxe4+ 0-1

[Event "1.Deut.ChessOrgAmatPok Voelklingen Sen"]
[Site "?"]
[Date "2000.10.12"]
[Round "7"]
[White "Schampel, Arno"]
[Black "Hennige, Anneliese"]
[Result "1-0"]
[WhiteElo "1755"]
[BlackElo "100"]
[PlyCount "59"]
[EventDate "2000.??.??"]

1. d4 Nf6 2. c4 d5 3. Nc3 c6 4. cxd5 Nxd5 5. e4 Nb6 6. h3 g6 7. Be3 Bg7 8. Be2
O-O 9. Nf3 e6 10. Qd2 Re8 11. O-O Qe7 12. Bg5 Qd6 13. e5 Qd7 14. Rad1 Nd5 15.
Bh6 f6 16. Bxg7 Qxg7 17. exf6 Nxf6 18. Rfe1 Nbd7 19. Bc4 Nf8 20. Ne5 Kh8 21.
Qf4 Nh5 22. Qh4 b5 23. Bd3 Bb7 24. Ne4 Rad8 25. Bc2 Nd7 26. Nd6 Rb8 27. Nxe8
Rxe8 28. Re3 a6 29. g4 g5 30. Qxh5 1-0

[Event "1.Deut.ChessOrgAmatPok Voelklingen Sen"]
[Site "?"]
[Date "2000.10.12"]
[Round "7"]
[White "Dunkel, Horst"]
[Black "Scheerer, Helmut"]
[Result "1/2-1/2"]
[WhiteElo "1651"]
[BlackElo "1851"]
[PlyCount "45"]
[EventDate "2000.??.??"]

1. Nf3 d5 2. d4 Nf6 3. g3 Bf5 4. Bg2 e6 5. Nbd2 c5 6. O-O Nc6 7. c3 h6 8. dxc5
Bxc5 9. e3 O-O 10. Nb3 Bb6 11. Nbd4 Bg6 12. Bd2 Ne4 13. Nxc6 bxc6 14. Ne5 Nxd2
15. Qxd2 Qc7 16. Nxg6 fxg6 17. h4 Qe7 18. Bh3 e5 19. Qc2 g5 20. hxg5 Qxg5 21.
Qe2 Rad8 22. Qg4 Qf6 23. Qe6+ 1/2-1/2

[Event "1.Deut.ChessOrgAmatPok Voelklingen GrC"]
[Site "?"]
[Date "2000.10.12"]
[Round "7"]
[White "Ragg, Wolfgang"]
[Black "Woelk, Peter"]
[Result "1/2-1/2"]
[WhiteElo "1695"]
[BlackElo "1516"]
[PlyCount "82"]
[EventDate "2000.??.??"]

1. e4 Nf6 2. e5 Nd5 3. d4 d6 4. Bc4 e6 5. Nf3 Be7 6. O-O O-O 7. Bb3 dxe5 8.
dxe5 c5 9. Qe2 Qc7 10. c4 Nb6 11. Nc3 Bd7 12. Bf4 Bc6 13. Qe3 N8d7 14. Rfe1
Rfd8 15. Ne4 Rac8 16. Bg5 Nf8 17. Bxe7 Qxe7 18. Nd6 Rc7 19. Rad1 Nc8 20. Ne4 b6
21. Bc2 Rcd7 22. Rxd7 Rxd7 23. Qf4 Bxe4 24. Qxe4 Rd8 25. Qg4 Qd7 26. h3 Qe7 27.
Qh5 h6 28. Re4 f5 29. exf6 Qxf6 30. Qe5 Qxe5 31. Rxe5 Kf7 32. Kf1 Ne7 33. Re4
Nc6 34. Ne5+ Nxe5 35. Rxe5 Kf6 36. Re3 g5 37. Rd3 Rxd3 38. Bxd3 Ke5 39. Ke1 Kd4
40. Kd2 Nd7 41. Be2 e5 1/2-1/2

[Event "1.Deut.ChessOrgAmatPok Voelklingen GrC"]
[Site "?"]
[Date "2000.10.12"]
[Round "7"]
[White "Umla, Rudolf"]
[Black "Kuhn, Heinz"]
[Result "1/2-1/2"]
[WhiteElo "1617"]
[BlackElo "1678"]
[PlyCount "28"]
[EventDate "2000.??.??"]

1. e4 a6 2. d4 b5 3. f4 Bb7 4. Bd3 Nf6 5. Qe2 e6 6. Nf3 c5 7. c3 Be7 8. O-O Qb6
9. Kh1 Nc6 10. dxc5 Qxc5 11. Be3 Qh5 12. Nbd2 Qg4 13. Bg1 h6 14. f5 Bd6 1/2-1/2

[Event "1.Deut.ChessOrgAmatPok Voelklingen GrC"]
[Site "?"]
[Date "2000.10.12"]
[Round "7"]
[White "Schroeder, Werner"]
[Black "Mueller, Ronny"]
[Result "0-1"]
[WhiteElo "1620"]
[BlackElo "1433"]
[PlyCount "64"]
[EventDate "2000.??.??"]

1. f4 d5 2. Nf3 e6 3. e3 c5 4. Bb5+ Bd7 5. Bxd7+ Nxd7 6. d4 Ngf6 7. O-O Be7 8.
Nbd2 O-O 9. Ne5 c4 10. c3 b5 11. Nc6 Qe8 12. Nxe7+ Qxe7 13. Nf3 Rfb8 14. Ne5
Nxe5 15. fxe5 Ne4 16. Bd2 Rb6 17. Qc2 Rab8 18. a3 a5 19. Rf4 Nxd2 20. Qxd2 b4
21. Raf1 Rf8 22. axb4 axb4 23. cxb4 Rxb4 24. e4 Qb7 25. exd5 Rxb2 26. Qxb2 Qxb2
27. dxe6 Qb7 28. Rxf7 Rxf7 29. Rxf7 Qc6 30. d5 Qxd5 31. Rd7 Qxe6 32. Rd8+ Kf7
0-1